000
00261nam a2200109Ia 4500
008
190912s9999||||xx |||||||||||||| ||und||
100
_a
W.T. Andrews
245
0
_a
Critics On Shakespeare
260
_a
New Delhi
_b
Universal Book
_c
1998
300
_a
84
942
_c
BK
999
_c
7213
_d
7213